A skeleton in God's closet (Бичлэгийн дугаар. 145445)
| 000 -УДИРДЛАГА | |
|---|---|
| Удирдлага | 00648nam a22002417a 4500 |
| 003 - ХЯНАЛТЫН ТОО ТОДОРХОЙЛОГЧ | |
| Код | MN-UlNUM |
| 005 - БИЧИЛТ ХИЙСЭН ОГНОО | |
| Тухайн бичилтийг бичсэн засварласан сүүлийн огноо | 20251110111138.0 |
| 008 - ЕРӨНХИЙ МЭДЭЭЛЭЛ | |
| Ерөнхий мэдээлэл | 251110s1994 tnua|||| |||| 001 0 eng d |
| 020 ## - ISBN | |
| ISBN | 0840734247 |
| 040 ## - БИЧЛЭГ ҮҮСГЭГЧ БАЙГУУЛЛАГА | |
| Бичлэг үүсгэгч номын сангийн код | МУИС-ийн номын сан |
| 084 ## - ББК АНГИЛАЛ | |
| Нэмэлт тусгалт | Уран зохиол |
| ББК ангилал | 84(7)-44 |
| Зохиогчийн гурван тэмдэгт | M 19 |
| Мэдлэгийн ялгаа | 84 - Уран зохиол |
| 100 1# - ЗОХИОГЧ | |
| Зохиогчийн нэр | Maier, Paul L. |
| 245 12 - ҮНДСЭН ГАРЧИГ | |
| Номын нэр | A skeleton in God's closet |
| Бага гарчгийн мэдээ | a novel |
| Оролцогчдын тухай мэдээ | Paul L. Maier |
| 260 ## - ГАРАЛТЫН МЭДЭЭ | |
| Хэвлэгдсэн газар | Nashville |
| Хэвлэлийн газар | T. Nelson Publishers, |
| Хэвлэгдсэн он | 1994. |
| 300 ## - МАТЕРИАЛЫН ТОДОРХОЙЛОЛТ | |
| хуудасны тоо | 336 p. : |
| Бусад тоон мэдээлэл | ill. ; |
| Хэмжээ | 23 cm. |
| 500 ## - Тайлбар | |
| Дансны дугаар | БС 2025 |
| 546 ## - ХЭЛНИЙ ТУХАЙ МЭДЭЭ | |
| Хэл | Англи хэл дээр, |
| 653 ## - Түлхүүр үг | |
| Түлхүүр үг | Christian antiquities |
| 653 ## - Түлхүүр үг | |
| Түлхүүр үг | Excavations (Archaeology) |
| 653 ## - Түлхүүр үг | |
| Түлхүүр үг | Israel |
| 942 ## - ЭЛЕМЕНТИЙН ТӨРӨЛ | |
| Зүйлийн төрөл | Ном |
